Pokémon - Attacken von Sumpex in KA/PU - Statistiken

Allgemein
  • Dieses Quiz wurde 3 mal gespielt
  • Das Durchschnittsergebnis liegt bei 36 aus 79
Antwortstatistiken
Antwort % Korrekt
Aquaknarre
100%
Bodycheck
100%
Bodyslam
100%
Eisstrahl
100%
Erdbeben
100%
Heuler
100%
Hydropumpe
100%
Hyperstrahl
100%
Lehmschuss
100%
Schutzschild
100%
Surfer
100%
Tackle
100%
Zertrümmerer
100%
Abschlag
67%
Amnesie
67%
Aquawelle
67%
Ausdauer
67%
Blizzard
67%
Dampfwalze
67%
Eishieb
67%
Erholung
67%
Fassade
67%
Fluch
67%
Gifthieb
67%
Grimasse
67%
Hammerarm
67%
Kaskade
67%
Kreideschrei
67%
Lehmbrühe
67%
Lehmschelle
67%
Notsituation
67%
Protzer
67%
Regentanz
67%
Risikotackle
67%
Schaufler
67%
Steinhagel
67%
Steinwurf
67%
Antik-Kraft
33%
Aufruhr
33%
Brüller
33%
Delegator
33%
Eissturm
33%
Erdkräfte
33%
Felsgrab
33%
Gähner
33%
Gigastoß
33%
Konter
33%
Pferdestärke
33%
Power-Punch
33%
Rechte Hand
33%
Schlafrede
33%
Schlammwoge
33%
Spiegelcape
33%
Steinkante
33%
Superschall
33%
Tarnsteine
33%
Whirlpool
33%
Aquadurchstoß
0%
Aquahaubitze
0%
Biss
0%
Body Press
0%
Durchbruch
0%
Fokusstoß
0%
Fruststampfer
0%
Fußkick
0%
Kalte Dusche
0%
Katapult
0%
Lawine
0%
Meteorologe
0%
Rollwende
0%
Rundumschutz
0%
Sandgrab
0%
Schlammbad
0%
Schleuder
0%
Stahlpresse
0%
Stampfer
0%
Tera-Ausbruch
0%
Wassersäulen
0%
Wutanfall
0%
Keine übereinstimmenden Quizze gefunden
Verteilung der Resultate
Anzahl Personen mit jedem Resultat
Perzentil nach korrekt beantworteten Fragen
Ihre Resultats-Entwicklung
Sie haben dieses Quiz noch nicht gespielt